| 000 | 00427nam a2200157Ia 4500 | ||
|---|---|---|---|
| 008 | 231217s9999 xx 000 0 und d | ||
| 020 | _a8178812738 | ||
| 041 | _aEnglish | ||
| 082 | _a658.1 SAT.6;1 R | ||
| 100 | _aSatish, D ed. | ||
| 245 | 0 | _aCorporate finance V.6 : concepts and cases | |
| 260 |
_c2004 _bICFAI Press _aHyderabad |
||
| 300 | _axi, 167+A11 | ||
| 650 | _aCorporate,finance,V.6, an, cases | ||
| 942 | _cAA | ||
| 999 |
_c189040 _d189040 |
||